[Event "DVM U12 2020"]
[Site "Magdeburg GER"]
[Date "2021.08.06"]
[Round "3"]
[White "Wunderlich, Elias"]
[Black "Udelnov, Valentin"]
[Result "1-0"]
[Termination "normal"]
[Board "3.1"]
[WhiteElo "1602"]
[BlackElo "1728"]
[WhiteClock "01:26:48"]
[BlackClock "01:05:24"]
[WhiteTeam "SC Garching 1980 e.V."]
[BlackTeam "Schachzwerge Magdeburg"]
[PlyCount "51"]
[WhiteFideId "34608087"]
[BlackFideId "16265734"]
[EventCountry "GER"]
[EventRounds "7"]
[EventType "team-swiss"]
[EventDate "2021.08.04"]

1. e4 {[%clk 01:30:57]} e5 {[%clk 01:30:52]} 2. Nf3 {[%clk 01:31:23]} {[%emt
00:00:04]} Nc6 {[%clk 01:31:17]} 3. Bb5 {[%clk 01:31:47]} a6 {[%clk 01:31:39]}
4. Ba4 {[%clk 01:32:10]} Nf6 {[%clk 01:31:35]} 5. O-O {[%clk 01:32:32]} Nxe4
{[%clk 01:31:55]} 6. Re1 {[%clk 01:32:51]} {[%emt 00:00:05]} Nc5 {[%clk
01:31:54]} 7. Bxc6 {[%clk 01:31:14]} dxc6 8. Nxe5 {[%clk 01:31:16]} Be7 {[%clk
01:31:30]} 9. d4 {[%clk 01:31:11]} Ne6 {[%clk 01:31:56]} {[%emt 00:00:05]} 10.
c3 {[%clk 01:31:21]} O-O {[%clk 01:30:45]} 11. Be3 {[%clk 01:31:19]} f6 {[%clk
01:28:43]} 12. Nf3 {[%clk 01:31:23]} Kh8 {[%clk 01:28:09]} 13. c4 {[%clk
01:28:57]} f5 {[%clk 01:27:06]} {[%emt 00:00:05]} 14. d5 {[%clk 01:28:29]} cxd5
{[%clk 01:27:23]} 15. cxd5 {[%clk 01:28:49]} f4 {[%clk 01:26:28]} 16. Bd4
{[%clk 01:27:11]} Nxd4 {[%clk 01:25:32]} 17. Qxd4 {[%clk 01:27:30]} Bd6 {[%clk
01:12:22]} 18. h3 {[%clk 01:26:39]} Bf5 {[%clk 01:06:00]} 19. Nc3 {[%clk
01:26:48]} Qd7 {[%clk 01:05:24]} 20. Ng5 f3 {[%clk 01:05:24]} 21. Nxf3 Bxh3
{[%clk 01:05:24]} 22. Ng5 Bc5 {[%clk 01:05:24]} 23. Qxc5 Qg4 {[%clk 01:05:24]}
24. Nxh3 Rf3 {[%clk 01:05:24]} 25. Qe7 h6 {[%clk 01:05:24]} 26. Qe4 1-0

[Event "DVM U12 2020"]
[Site "Magdeburg GER"]
[Date "2021.08.06"]
[Round "3"]
[White "Nönnig, Jakob"]
[Black "Sajka, Noah"]
[Result "1-0"]
[Termination "normal"]
[Board "3.2"]
[WhiteElo "1442"]
[BlackElo "1393"]
[WhiteClock "00:03:09"]
[BlackClock "00:16:37"]
[WhiteTeam "Schachzwerge Magdeburg"]
[BlackTeam "SC Garching 1980 e.V."]
[PlyCount "109"]
[WhiteFideId "16289447"]
[BlackFideId "34608192"]
[EventCountry "GER"]
[EventRounds "7"]
[EventType "team-swiss"]
[EventDate "2021.08.04"]

1. e4 {[%clk 01:30:59]} c5 {[%clk 01:30:56]} 2. Nf3 {[%clk 01:31:17]} d6 {[%clk
01:31:20]} 3. d4 {[%clk 01:31:39]} cxd4 4. Nxd4 {[%clk 01:32:00]} Nf6 {[%clk
01:32:05]} 5. Nc3 {[%clk 01:32:20]} a6 {[%clk 01:32:28]} 6. f3 {[%clk
01:29:51]} e6 {[%clk 01:32:08]} 7. Bc4 {[%clk 01:28:19]} Be7 {[%emt 00:00:04]}
8. Be3 {[%clk 01:25:34]} O-O {[%clk 01:30:10]} {[%emt 00:12:49]} 9. Qd2 {[%clk
01:19:39]} Bd7 {[%clk 01:22:07]} {[%emt 00:02:55]} 10. g4 b5 {[%clk 01:22:07]}
11. Be2 {[%clk 01:16:33]} Bc8 {[%clk 01:13:47]} {[%emt 01:34:43]} 12. g5 {[%clk
01:10:14]} Nfd7 {[%clk 01:12:25]} 13. h4 {[%clk 01:06:24]} {[%emt 00:00:05]}
Bb7 {[%clk 01:03:50]} 14. h5 {[%clk 01:04:35]} b4 {[%clk 01:02:26]} 15. Nd1
{[%clk 01:02:33]} d5 {[%clk 01:01:17]} 16. exd5 {[%clk 00:53:56]} {[%emt
00:00:35]} Bxd5 {[%clk 01:01:02]} 17. c4 {[%clk 00:48:48]} Bb7 {[%clk
00:57:38]} 18. g6 {[%clk 00:48:30]} Nf6 {[%clk 00:54:55]} 19. h6 {[%clk
00:45:39]} gxh6 {[%clk 00:46:14]} 20. Bxh6 {[%clk 00:39:11]} hxg6 {[%clk
00:42:28]} 21. Bg7 {[%clk 00:25:10]} {[%emt 00:10:18]} Nh5 {[%clk 00:31:56]}
{[%emt 00:10:57]} 22. Qh6 {[%clk 00:23:22]} {[%emt 00:02:17]} Bh4+ {[%clk
00:31:46]} {[%emt 00:00:41]} 23. Kf1 {[%clk 00:23:23]} {[%emt 00:00:35]} Nxg7
{[%clk 00:30:44]} {[%emt 00:01:25]} 24. Rxh4 {[%clk 00:19:43]} {[%emt
00:04:11]} f5 {[%clk 00:29:26]} {[%emt 00:04:37]} 25. Nxe6 {[%clk 00:19:17]}
Qf6 {[%clk 00:28:09]} 26. Nxf8 {[%clk 00:15:04]} {[%emt 00:04:36]} Kxf8 {[%clk
00:28:21]} {[%emt 00:00:18]} 27. Rc1 {[%clk 00:12:57]} {[%emt 00:02:38]} Nc6
{[%clk 00:28:11]} {[%emt 00:00:39]} 28. c5 {[%clk 00:12:46]} {[%emt 00:00:50]}
Re8 {[%clk 00:27:50]} {[%emt 00:00:45]} 29. Nf2 {[%clk 00:11:01]} {[%emt
00:02:16]} Ne5 {[%clk 00:26:36]} {[%emt 00:01:40]} 30. Rh3 {[%clk 00:07:29]}
{[%emt 00:04:06]} Nf7 {[%clk 00:26:34]} {[%emt 00:00:32]} 31. Qf4 {[%clk
00:07:05]} {[%emt 00:00:51]} Qxb2 {[%clk 00:26:49]} {[%emt 00:00:14]} 32. Re1
{[%clk 00:06:45]} {[%emt 00:00:52]} Ne6 {[%clk 00:26:42]} {[%emt 00:00:37]} 33.
Qc4 {[%clk 00:05:36]} {[%emt 00:01:39]} Neg5 {[%clk 00:26:49]} {[%emt
00:00:26]} 34. Rg3 {[%clk 00:05:15]} {[%emt 00:00:47]} Rc8 {[%clk 00:24:39]}
{[%emt 00:02:41]} 35. f4 {[%clk 00:03:14]} {[%emt 00:02:37]} Ne4 {[%clk
00:24:25]} {[%emt 00:00:41]} 36. Nxe4 {[%clk 00:03:42]} Bxe4 {[%clk 00:24:48]}
{[%emt 00:00:06]} 37. Bf3 {[%clk 00:02:07]} {[%emt 00:02:06]} Bxf3 {[%clk
00:23:33]} {[%emt 00:01:43]} 38. Rxf3 {[%clk 00:02:30]} {[%emt 00:00:06]} Rd8
{[%clk 00:21:58]} {[%emt 00:03:29]} 39. Rf2 {[%clk 00:01:25]} {[%emt 00:00:10]}
Qa3 {[%clk 00:22:15]} {[%emt 00:00:14]} 40. Qb3 {[%clk 00:01:37]} {[%emt
00:00:19]} Qa5 {[%clk 00:22:36]} {[%emt 00:00:11]} 41. Rc1 {[%clk 00:01:51]}
{[%emt 00:00:12]} Qb5+ {[%clk 00:22:44]} {[%emt 00:00:22]} 42. Kg1 {[%clk
00:02:07]} {[%emt 00:00:15]} Rc8 {[%clk 00:22:37]} {[%emt 00:00:37]} 43. Qc4
{[%clk 00:02:14]} {[%emt 00:00:27]} Qd7 {[%clk 00:21:01]} {[%emt 00:02:02]} 44.
Qxb4 {[%clk 00:02:11]} {[%emt 00:00:36]} Qd3 {[%clk 00:20:50]} {[%emt
00:00:38]} 45. Qc3 {[%clk 00:01:58]} {[%emt 00:00:44]} Qd8 {[%clk 00:20:57]}
{[%emt 00:00:22]} 46. Rh2 {[%clk 00:01:52]} {[%emt 00:00:36]} Qc7 {[%clk
00:20:24]} {[%emt 00:01:06]} 47. Qf6 {[%clk 00:01:57]} {[%emt 00:05:17]} Kg8
{[%clk 00:16:26]} 48. Qxg6+ {[%clk 00:02:14]} Kf8 {[%clk 00:16:47]} 49. Qxf5
{[%clk 00:02:30]} {[%emt 00:00:09]} Kg7 {[%clk 00:16:00]} {[%emt 00:01:17]} 50.
Rc3 {[%clk 00:02:15]} {[%emt 00:00:39]} Ng5 {[%clk 00:15:35]} {[%emt 00:01:00]}
51. Qxg5+ {[%clk 00:02:29]} {[%emt 00:00:16]} Kf8 {[%clk 00:15:57]} {[%emt
00:00:07]} 52. Qf6+ {[%clk 00:02:37]} {[%emt 00:00:23]} Ke8 {[%clk 00:16:19]}
{[%emt 00:00:09]} 53. Re3+ {[%clk 00:02:41]} {[%emt 00:00:25]} Kd7 {[%clk
00:16:37]} {[%emt 00:00:11]} 54. Re7+ {[%clk 00:03:09]} {[%emt 00:00:05]} Kd8
{[%emt 00:00:11]} 55. Qf8# {[%emt 00:00:08]} 1-0

[Event "DVM U12 2020"]
[Site "Magdeburg GER"]
[Date "2021.08.06"]
[Round "3"]
[White "Lange, Tobias"]
[Black "Petzold, Johannes Julius"]
[Result "0-1"]
[Termination "normal"]
[Board "3.3"]
[WhiteElo "1399"]
[BlackElo "1104"]
[WhiteClock "00:50:50"]
[BlackClock "01:13:35"]
[WhiteTeam "SC Garching 1980 e.V."]
[BlackTeam "Schachzwerge Magdeburg"]
[PlyCount "86"]
[WhiteFideId "34608281"]
[BlackFideId "16289455"]
[EventCountry "GER"]
[EventRounds "7"]
[EventType "team-swiss"]
[EventDate "2021.08.04"]

1. e4 {[%clk 01:30:59]} {[%emt 00:59:46]} c5 {[%clk 01:30:55]} 2. Nf3 {[%clk
01:31:24]} d6 {[%clk 01:31:22]} 3. d4 {[%clk 01:31:47]} cxd4 {[%clk 01:31:50]}
4. Nxd4 {[%clk 01:32:07]} Nf6 {[%clk 01:32:15]} 5. Nc3 {[%clk 01:32:30]} a6
{[%clk 01:32:41]} 6. Bg5 {[%clk 01:32:09]} Nbd7 {[%clk 01:32:08]} 7. Qd2 {[%clk
01:31:56]} b5 {[%clk 01:31:49]} 8. Bd3 {[%clk 01:30:24]} Bb7 {[%clk 01:31:12]}
9. Qe3 {[%clk 01:25:47]} h6 {[%clk 01:29:35]} 10. Bf4 {[%clk 01:24:43]} e5
{[%clk 01:29:27]} 11. Bg3 {[%clk 01:21:33]} exd4 {[%clk 01:29:25]} {[%emt
00:00:08]} 12. Qxd4 {[%clk 01:21:45]} Qb6 {[%clk 01:28:23]} 13. Qxb6 {[%clk
01:19:18]} Nxb6 {[%clk 01:28:47]} 14. O-O {[%clk 01:19:11]} Be7 {[%clk
01:28:40]} 15. Rfe1 {[%clk 01:19:01]} O-O {[%clk 01:28:02]} 16. e5 {[%clk
01:15:50]} {[%emt 00:17:52]} dxe5 {[%clk 01:26:38]} 17. Bxe5 {[%clk 01:15:33]}
Rfe8 {[%clk 01:25:54]} 18. Rad1 {[%clk 01:13:58]} Nbd5 {[%clk 01:25:51]} 19.
Be4 {[%clk 01:01:41]} {[%emt 00:08:58]} Nxc3 {[%clk 01:18:56]} {[%emt
00:02:58]} 20. Bxb7 {[%clk 01:00:33]} {[%emt 00:04:56]} Nxd1 {[%clk 01:19:09]}
21. Bxa8 {[%clk 00:58:34]} Rxa8 {[%clk 01:19:28]} 22. Rxd1 {[%clk 00:53:30]}
{[%emt 00:05:43]} Rd8 {[%clk 01:19:44]} {[%emt 00:09:26]} 23. Re1 {[%clk
00:53:49]} Kf8 {[%clk 01:16:48]} 24. Bc3 {[%clk 00:50:58]} b4 {[%clk 01:16:09]}
25. Be5 {[%clk 00:49:36]} {[%emt 00:00:15]} Rd2 {[%clk 01:14:30]} {[%emt
00:03:25]} 26. Rc1 {[%clk 00:49:39]} Ng4 {[%clk 01:14:14]} 27. f4 {[%clk
00:49:11]} {[%emt 00:12:37]} Nxe5 {[%clk 01:14:28]} 28. fxe5 {[%clk 00:49:29]}
Re2 {[%clk 01:14:44]} 29. c3 {[%clk 00:49:30]} Rxe5 {[%clk 01:14:10]} 30. cxb4
{[%clk 00:48:52]} Bxb4 {[%clk 01:14:27]} 31. Rc6 {[%clk 00:48:58]} Rf5 {[%clk
01:13:00]} 32. h3 {[%clk 00:48:46]} a5 {[%clk 01:11:33]} 33. a3 {[%clk
00:48:51]} Bc5+ {[%clk 01:11:55]} 34. Kh2 {[%clk 00:49:13]} Ke7 {[%clk
01:11:23]} 35. Rc7+ {[%clk 00:49:24]} Kd8 {[%clk 01:11:32]} 36. Rb7 {[%clk
00:49:31]} Kc8 {[%clk 01:11:21]} {[%emt 00:01:22]} 37. Rb5 {[%clk 00:49:42]}
Bd6+ {[%clk 01:11:47]} 38. g3 {[%clk 00:49:49]} Rxb5 {[%clk 01:12:12]} 39. b4
{[%clk 00:50:09]} axb4 {[%clk 01:12:32]} {[%emt 00:06:18]} 40. axb4 {[%clk
00:50:34]} Rxb4 {[%clk 01:13:00]} 41. h4 {[%clk 00:50:57]} h5 {[%clk 01:13:25]}
42. Kh3 {[%clk 00:51:09]} Rb2 {[%clk 01:13:35]} 43. g4 {[%clk 00:50:50]} Rh2#
{[%emt 00:00:03]} 0-1

[Event "DVM U12 2020"]
[Site "Magdeburg GER"]
[Date "2021.08.06"]
[Round "3"]
[White "Conrad, Marius"]
[Black "Chua, Daniel James"]
[Result "1-0"]
[Termination "normal"]
[Board "3.4"]
[WhiteElo "1498"]
[BlackElo "1477"]
[WhiteTeam "Schachzwerge Magdeburg"]
[BlackTeam "SC Garching 1980 e.V."]
[PlyCount "97"]
[WhiteFideId "16299078"]
[BlackFideId "34608354"]
[EventCountry "GER"]
[EventRounds "7"]
[EventType "team-swiss"]
[EventDate "2021.08.04"]

1. e4 e5 2. Nf3 Nc6 3. Bc4 Bc5 4. c3 Nf6 5. d4 exd4 6. e5 d5 7. Bb5 Ne4 8. cxd4
Bb4+ 9. Bd2 Nxd2 10. Nbxd2 O-O 11. O-O Be6 12. Nb3 a6 13. Bd3 Qe7 14. Qc2 h6
15. a3 Ba5 16. Nc5 Bb6 17. b4 f6 18. Qc3 Rab8 19. Rfe1 fxe5 20. Nxe5 Rf6 21.
Re2 Qd6 22. Rae1 Bf5 23. Bxf5 Rxf5 24. Qd3 Nxe5 25. Qxf5 Nc4 26. Re8+ Qf8 27.
Rxf8+ Rxf8 28. Qxd5+ Kh8 29. Qxc4 a5 30. h3 axb4 31. Qxb4 Ba7 32. Qxb7 Bb8 33.
Nd7 Rd8 34. Nxb8 Rg8 35. Qxc7 h5 36. Qc5 Rxb8 37. Qxh5+ Kg8 38. Re8+ Rxe8 39.
Qxe8+ Kh7 40. d5 g6 41. d6 g5 42. d7 g4 43. d8=Q gxh3 44. Qde7+ Kh6 45. Q8f8+
Kh5 46. Qe5+ Kg6 47. Qef6+ Kh7 48. Q8e7+ Kg8 49. Qff8# 1-0

[Event "DVM U12 2020"]
[Site "Magdeburg GER"]
[Date "2021.08.06"]
[Round "3"]
[White "Semling, Julius"]
[Black "Nhan, Jinhon Raymon"]
[Result "1/2-1/2"]
[Termination "normal"]
[Board "4.1"]
[WhiteElo "1318"]
[BlackElo "1413"]
[WhiteClock "01:30:58"]
[BlackClock "01:30:30"]
[WhiteTeam "SC Brandeck-Turm Ohlsbach e.V."]
[BlackTeam "Schachvereinigung 1920 Plettenberg e. V."]
[PlyCount "57"]
[WhiteFideId "16290160"]
[BlackFideId "16284690"]
[EventCountry "GER"]
[EventRounds "7"]
[EventType "team-swiss"]
[EventDate "2021.08.04"]

1. e4 {[%clk 01:30:58]} e6 {[%clk 01:30:30]} 2. d4 {[%clk 01:30:58]} d5 {[%clk
01:30:30]} 3. Bd3 {[%clk 01:30:58]} Nf6 {[%clk 01:30:30]} 4. e5 {[%clk
01:30:58]} Nfd7 {[%clk 01:30:30]} 5. Nf3 {[%clk 01:30:58]} c5 {[%clk 01:30:30]}
6. c3 {[%clk 01:30:58]} Nc6 {[%clk 01:30:30]} 7. O-O {[%clk 01:30:58]} Qb6
{[%clk 01:30:30]} 8. Be2 {[%clk 01:30:58]} Be7 {[%clk 01:30:30]} 9. a3 {[%clk
01:30:58]} a5 {[%clk 01:30:30]} 10. Re1 {[%clk 01:30:58]} h6 {[%clk 01:30:30]}
11. h3 {[%clk 01:30:58]} Qa7 {[%clk 01:30:30]} 12. a4 {[%clk 01:30:58]} cxd4
{[%clk 01:30:30]} 13. cxd4 {[%clk 01:30:58]} Nb4 {[%clk 01:30:30]} 14. Na3
{[%clk 01:30:58]} b6 {[%clk 01:30:30]} 15. Nb5 {[%clk 01:30:58]} Qb8 {[%clk
01:30:30]} 16. Bd3 {[%clk 01:30:58]} Ba6 {[%clk 01:30:30]} 17. Bf4 {[%clk
01:30:58]} Nxd3 {[%clk 01:30:30]} 18. Qxd3 {[%clk 01:30:58]} O-O {[%clk
01:30:30]} 19. Rac1 {[%clk 01:30:58]} Bb4 {[%clk 01:30:30]} 20. Re2 {[%clk
01:30:58]} Rc8 {[%clk 01:30:30]} 21. Rec2 {[%clk 01:30:58]} Rxc2 {[%clk
01:30:30]} 22. Qxc2 {[%clk 01:30:58]} Bxb5 {[%clk 01:30:30]} 23. axb5 {[%clk
01:30:58]} Nf8 {[%clk 01:30:30]} 24. Bd2 {[%clk 01:30:58]} Bxd2 {[%clk
01:30:30]} 25. Nxd2 {[%clk 01:30:58]} Qd8 {[%clk 01:30:30]} 26. Qc7 {[%clk
01:30:58]} Qxc7 {[%clk 01:30:30]} 27. Rxc7 {[%clk 01:30:58]} Rb8 {[%clk
01:30:30]} 28. Nb1 {[%clk 01:30:58]} Ng6 {[%clk 01:30:30]} 29. g3 {[%clk
01:30:58]} 1/2-1/2

[Event "DVM U12 2020"]
[Site "Magdeburg GER"]
[Date "2021.08.06"]
[Round "3"]
[White "Nhan, Jiehou"]
[Black "Semling, Johannes"]
[Result "0-1"]
[Termination "normal"]
[Board "4.2"]
[WhiteElo "1428"]
[BlackElo "1664"]
[WhiteClock "00:29:40"]
[BlackClock "00:29:53"]
[WhiteTeam "Schachvereinigung 1920 Plettenberg e. V."]
[BlackTeam "SC Brandeck-Turm Ohlsbach e.V."]
[PlyCount "66"]
[WhiteFideId "34608214"]
[BlackFideId "16290151"]
[EventCountry "GER"]
[EventRounds "7"]
[EventType "team-swiss"]
[EventDate "2021.08.04"]

1. e4 {[%clk 01:30:53]} c5 {[%clk 01:30:55]} {[%emt 00:00:17]} 2. c3 {[%clk
01:30:51]} {[%emt 00:00:16]} d5 {[%clk 01:30:52]} {[%emt 00:00:35]} 3. e5
{[%clk 01:29:59]} {[%emt 00:01:19]} d4 {[%clk 01:29:24]} {[%emt 00:04:14]} 4.
Bc4 {[%clk 01:28:31]} Nc6 {[%clk 01:28:50]} {[%emt 00:00:46]} 5. Nf3 {[%clk
01:27:47]} {[%emt 00:01:50]} e6 {[%clk 01:27:10]} {[%emt 00:02:05]} 6. d3
{[%clk 01:26:52]} {[%emt 00:01:10]} Nge7 {[%clk 01:26:48]} {[%emt 00:02:27]} 7.
Bf4 {[%clk 01:25:34]} Ng6 {[%clk 01:23:12]} {[%emt 00:06:28]} 8. Bg3 {[%clk
01:23:09]} {[%emt 00:00:30]} Be7 {[%clk 01:21:02]} {[%emt 00:02:40]} 9. O-O
{[%clk 01:19:39]} {[%emt 00:03:59]} O-O {[%clk 01:20:04]} {[%emt 00:03:31]} 10.
Nbd2 {[%clk 01:18:09]} dxc3 {[%clk 01:18:51]} {[%emt 00:03:19]} 11. bxc3 {[%clk
01:17:16]} Qc7 {[%clk 01:17:22]} {[%emt 00:05:56]} 12. Rc1 {[%clk 01:15:46]}
Rd8 {[%clk 01:15:38]} 13. Re1 {[%clk 01:13:15]} {[%emt 00:05:56]} a6 {[%clk
01:13:13]} {[%emt 00:02:08]} 14. Re3 {[%clk 01:09:07]} {[%emt 00:02:29]} b5
{[%clk 01:10:32]} {[%emt 00:05:07]} 15. Bb3 {[%clk 01:07:43]} Qb6 {[%clk
01:05:49]} {[%emt 00:10:36]} 16. c4 {[%clk 01:00:47]} {[%emt 00:02:01]} Bb7
{[%clk 01:00:59]} {[%emt 00:15:25]} 17. Ne4 {[%clk 00:58:44]} Na7 {[%clk
00:54:06]} 18. Nfg5 {[%emt 00:09:33]} h6 {[%clk 00:52:27]} {[%emt 00:00:09]}
19. Nh3 {[%clk 00:51:07]} {[%emt 00:13:20]} Rd4 {[%clk 00:49:09]} 20. Qe1
{[%clk 00:45:46]} Rad8 {[%clk 00:47:02]} 21. cxb5 {[%clk 00:41:45]} {[%emt
00:11:31]} axb5 {[%clk 00:46:52]} 22. Qe2 {[%clk 00:40:07]} Bxe4 {[%clk
00:46:25]} 23. dxe4 {[%clk 00:39:47]} c4 {[%clk 00:43:39]} {[%emt 00:00:59]}
24. Bc2 {[%clk 00:39:15]} {[%emt 00:00:48]} Rd2 {[%clk 00:43:05]} {[%emt
00:01:12]} 25. Qg4 {[%clk 00:38:30]} {[%emt 00:02:04]} Qd4 {[%clk 00:41:40]}
{[%emt 00:01:03]} 26. Ree1 {[%clk 00:36:48]} {[%emt 00:02:02]} Ba3 {[%clk
00:41:33]} {[%emt 00:00:31]} 27. Rcd1 {[%clk 00:37:03]} {[%emt 00:00:46]} Qc3
{[%clk 00:39:53]} {[%emt 00:01:59]} 28. Rxd2 {[%clk 00:36:54]} {[%emt
00:00:26]} Rxd2 {[%clk 00:39:16]} {[%emt 00:01:19]} 29. Bb1 {[%clk 00:35:42]}
{[%emt 00:01:30]} Nxe5 {[%clk 00:37:35]} {[%emt 00:02:11]} 30. Qf4 {[%clk
00:35:12]} {[%emt 00:00:59]} Nac6 {[%clk 00:36:17]} {[%emt 00:01:45]} 31. Kh1
{[%clk 00:33:37]} {[%emt 00:02:25]} Bd6 {[%clk 00:31:12]} {[%emt 00:05:09]} 32.
f3 {[%clk 00:29:48]} {[%emt 00:06:12]} Nd3 {[%clk 00:29:58]} 33. Qe3 {[%clk
00:29:40]} {[%emt 00:00:39]} Bc5 {[%clk 00:29:53]} {[%emt 00:00:36]} 0-1

[Event "DVM U12 2020"]
[Site "Magdeburg GER"]
[Date "2021.08.06"]
[Round "3"]
[White "Felder, Aron"]
[Black "Selter, Julian André"]
[Result "0-1"]
[Termination "normal"]
[Board "4.3"]
[WhiteElo "1058"]
[BlackElo "1391"]
[WhiteClock "00:09:35"]
[BlackClock "00:41:12"]
[WhiteTeam "SC Brandeck-Turm Ohlsbach e.V."]
[BlackTeam "Schachvereinigung 1920 Plettenberg e. V."]
[PlyCount "84"]
[WhiteFideId "16242734"]
[BlackFideId "34608168"]
[EventCountry "GER"]
[EventRounds "7"]
[EventType "team-swiss"]
[EventDate "2021.08.04"]

1. e4 {[%clk 01:30:56]} {[%emt 00:51:47]} c5 {[%clk 01:30:55]} 2. Nf3 {[%clk
01:31:12]} Nc6 {[%clk 01:31:18]} 3. d4 {[%clk 01:31:30]} cxd4 {[%clk 01:31:31]}
4. Nxd4 {[%clk 01:31:38]} g6 {[%clk 01:31:52]} 5. c4 {[%clk 01:31:56]} Bg7
{[%clk 01:32:10]} {[%emt 00:00:04]} 6. Be3 {[%clk 01:32:10]} Nf6 {[%clk
01:32:02]} 7. Nc3 {[%clk 01:32:28]} O-O {[%clk 01:32:19]} 8. Be2 {[%clk
01:32:46]} d6 {[%clk 01:32:09]} 9. O-O {[%clk 01:32:29]} Re8 {[%clk 01:24:58]}
10. Qd2 {[%clk 01:26:41]} Bd7 {[%clk 01:24:14]} {[%emt 00:00:03]} 11. Rac1
{[%clk 01:25:16]} Bg4 {[%clk 01:19:06]} 12. f3 {[%clk 01:24:49]} Bd7 {[%clk
01:18:31]} 13. Rfd1 {[%clk 01:23:21]} b6 {[%clk 01:13:33]} 14. a3 {[%clk
01:11:35]} Rc8 {[%clk 01:12:29]} 15. Rb1 {[%clk 00:59:14]} {[%emt 00:00:04]}
Ne5 {[%clk 01:02:01]} {[%emt 00:03:35]} 16. b3 {[%clk 00:58:27]} {[%emt
00:07:44]} Bc6 {[%clk 00:59:06]} 17. Rb2 {[%clk 00:44:44]} {[%emt 00:36:24]}
Bb7 {[%clk 00:57:20]} 18. Bf4 {[%clk 00:32:59]} Nc6 {[%clk 00:55:08]} 19. Nxc6
{[%clk 00:29:07]} Bxc6 {[%clk 00:55:18]} 20. b4 {[%clk 00:25:20]} {[%emt
00:01:15]} Nh5 {[%clk 00:54:34]} {[%emt 00:05:06]} 21. Rc2 {[%clk 00:21:53]}
Nxf4 {[%clk 00:50:29]} {[%emt 00:04:25]} 22. Qxf4 {[%clk 00:22:06]} {[%emt
00:00:39]} Bd7 {[%clk 00:49:16]} {[%emt 00:01:37]} 23. Qe3 {[%clk 00:18:45]}
{[%emt 00:08:12]} Qc7 {[%clk 00:43:56]} {[%emt 00:01:14]} 24. Nd5 {[%clk
00:16:04]} {[%emt 00:03:40]} Qb7 {[%clk 00:43:26]} {[%emt 00:00:27]} 25. Kf1
{[%clk 00:14:22]} {[%emt 00:02:14]} Ba4 {[%clk 00:43:33]} {[%emt 00:00:25]} 26.
Rdc1 {[%clk 00:13:39]} {[%emt 00:01:13]} Bxc2 {[%clk 00:43:41]} {[%emt
00:00:19]} 27. Rxc2 {[%clk 00:14:01]} {[%emt 00:00:25]} e6 {[%clk 00:43:02]}
{[%emt 00:00:53]} 28. Nf4 {[%clk 00:14:04]} {[%emt 00:00:25]} Bh6 {[%clk
00:43:00]} {[%emt 00:00:33]} 29. g3 {[%clk 00:14:05]} {[%emt 00:00:29]} e5
{[%clk 00:43:06]} {[%emt 00:00:28]} 30. Qd3 {[%clk 00:13:37]} {[%emt 00:01:12]}
exf4 {[%clk 00:42:49]} {[%emt 00:00:29]} 31. gxf4 {[%clk 00:13:55]} {[%emt
00:00:33]} Bxf4 {[%clk 00:43:10]} 32. Kg2 {[%clk 00:14:00]} {[%emt 00:00:18]}
Qe7 {[%clk 00:43:12]} {[%emt 00:00:23]} 33. Bf1 {[%clk 00:12:18]} {[%emt
00:02:12]} Qe5 {[%clk 00:42:46]} {[%emt 00:00:55]} 34. Kh1 {[%clk 00:12:30]}
{[%emt 00:00:27]} Rc7 {[%clk 00:42:34]} {[%emt 00:00:33]} 35. Qe2 {[%clk
00:11:52]} {[%emt 00:01:07]} Qd4 {[%clk 00:42:22]} {[%emt 00:00:43]} 36. Qg2
{[%clk 00:11:30]} {[%emt 00:00:52]} Rec8 {[%clk 00:42:22]} {[%emt 00:00:29]}
37. Qg4 {[%clk 00:10:13]} {[%emt 00:01:54]} Qe5 {[%clk 00:42:18]} {[%emt
00:00:26]} 38. Qh3 {[%clk 00:10:02]} {[%emt 00:00:43]} b5 {[%clk 00:42:21]}
{[%emt 00:00:46]} 39. Qh4 {[%clk 00:09:16]} {[%emt 00:05:54]} bxc4 {[%clk
00:41:31]} 40. Bh3 {[%clk 00:09:08]} Rb8 {[%clk 00:41:24]} 41. Rg2 {[%clk
00:09:21]} c3 {[%clk 00:41:07]} 42. Rg4 {[%clk 00:09:35]} c2 {[%clk 00:41:12]}
0-1